| 000 | 01563cad a22002175a 4500 | ||
|---|---|---|---|
| 001 | L154930 | ||
| 008 | 120202e20120130xxk 000 0 eng d | ||
| 035 | _a(Sirsi) u154930 | ||
| 041 | 0 | _aeng | |
| 110 | 2 |
_aLand Registry _95885 |
|
| 245 | 0 | 0 |
_aDecember market trend data from Land Registry _h[electronic resource] |
| 260 | _c2012 | ||
| 490 |
_aLand Registry Press Release _vPR01/12 30/01/2012 |
||
| 520 | _aThe Land Registry is now making its monthly transactional information available free of charge in addition to its House Price Index. It includes a detailed breakdown of applications by number and type from solicitors, conveyancers and lenders and covers commercial property and land as well as residential property. The consumer will be better informed by being able to see the volume and types of transactions while the property and finance sectors will be able to use the data to assess trends and movements in the property market. From March 2012, monthly Land Registry Price Paid information showing all residential property sales in England and Wales at address level will be published as part of the Market Trend Data. This will be downloadable for re-use under the Open Government License in the same format as the Transaction Data. | ||
| 590 | _aKA NTK | ||
| 651 | 4 |
_aEngland and Wales _y1543- |
|
| 690 |
_aSales _96269 |
||
| 690 |
_aResidential property _96266 |
||
| 856 | 4 | 0 |
_uhttps://www1.landregistry.gov.uk/about-us/press-listing/2012/market-trend-data-december-2011 _zView this item free of charge at www.landregistry.gov.uk |
| 942 | _n0 | ||
| 999 |
_c83749 _d83749 |
||